| 000 | 01329cam a2200253 4500 | ||
|---|---|---|---|
| 001 | X113201 | ||
| 008 | 000000n2001 000 0 eng u | ||
| 035 | _a(Sirsi) u113201 | ||
| 100 | _aWaters, B. | ||
| 245 | _aNew draft floods in | ||
| 260 | _c2001 | ||
| 490 |
_aArchitects' Journal _v213(21) 31 May 2001, 36(1) |
||
| 520 | _aReviews the key provisions of the revised draft of PPG25 "Development and flood risk" which introduces the risk-based sequential test, directing developers and local authorities towards sites where there is a low flood risk, and makes flood risk a material consideration in determining planning applications and preparing development plans. Consultants will now be obliged to advise clients of any vulnerability of their land to flooding whilst developers will have to demonstrate an awareness of flood risk. Development in areas at risk from flooding may be dependant on the completion of flood alleviation works to the cost of which developers will be expected to contribute. | ||
| 650 | _aCONSULTANTS | ||
| 650 | _aDEVELOPERS | ||
| 650 | _aFLOOD DEFENCES | ||
| 650 | _aFLOOD RISK | ||
| 650 | _aFLOODING | ||
| 650 | _aPLANNING POLICY | ||
| 650 | _aPLANNING POLICY GUIDANCE | ||
| 650 | _aPPG25 | ||
| 690 | _aENVIRONMENTAL AND LAND CONSULTANCY-PLANNING AND DEVELOPMENT | ||
| 942 | _n0 | ||
| 999 |
_c67415 _d67415 |
||